Essentials of soil mechanics and foundations : (Record no. 554187)

000 -LEADER
fixed length control field 00589cam a2200181 a 4500
020 ## - INTERNATIONAL STANDARD BOOK NUMBER
International Standard Book Number 0131145606
020 ## - INTERNATIONAL STANDARD BOOK NUMBER
International Standard Book Number 9780131145603
082 00 - DEWEY DECIMAL CLASSIFICATION NUMBER
Classification number 624.15136
Author Mark MCC
-- Nust-2
100 1# - MAIN ENTRY--PERSONAL NAME
Personal name McCarthy, David F.
9 (RLIN) 26789
245 10 - TITLE STATEMENT
Title Essentials of soil mechanics and foundations :
Remainder of title basic geotechnics /
Statement of responsibility, etc. David F. McCarthy.
250 ## - EDITION STATEMENT
Edition statement 7th ed.
260 ## - PUBLICATION, DISTRIBUTION, ETC.
Place of publication, distribution, etc. Upper Saddle River, N.J. :
Name of publisher, distributor, etc. Pearson/Prentice Hall,
Date of publication, distribution, etc. c2017.
300 ## - PHYSICAL DESCRIPTION
Extent xiii, 850 p. :
Other physical details ill., map ;
Dimensions 25 cm.
526 ## - STUDY PROGRAM INFORMATION NOTE
Program name 0
Interest level 0
Reading level 0
Title point value 624_151360000000000_MCC
650 #0 - SUBJECT ADDED ENTRY--TOPICAL TERM
Topical term or geographic name entry element Foundations.
9 (RLIN) 892
650 #0 - SUBJECT ADDED ENTRY--TOPICAL TERM
Topical term or geographic name entry element Soil mechanics.
942 ## - ADDED ENTRY ELEMENTS (KOHA)
Source of classification or shelving scheme
Koha item type Book
Holdings
Withdrawn status Lost status Source of classification or shelving scheme Damaged status Not for loan Permanent Location Current Location Date acquired Total Checkouts Full call number Barcode Date last seen Price effective from Koha item type
          Military College of Engineering (MCE) Military College of Engineering (MCE) 12/21/2018   624.15136 MCC MCE-50735 12/21/2018 12/21/2018 Book
© 2023 Central Library, National University of Sciences and Technology. All Rights Reserved.